| 000 | 00536nam a2200205Ia 4500 | ||
|---|---|---|---|
| 003 | IN-BaIIA | ||
| 008 | 211028s9999 xx 000 0 eng d | ||
| 020 | _a0-08379-1106-0 | ||
| 040 | _cIIA Library | ||
| 080 |
_a58 _bMAR |
||
| 245 | 0 |
_aWho's who in the world 1982-1983 _cedited by Adele Hast |
|
| 250 | _a6th ed | ||
| 260 |
_aChicago _bMarquis Who's Who _c1982 |
||
| 300 | _axiv, 1178p. | ||
| 650 |
_aBiography _91224 |
||
| 650 | _aNASA Thesaurus | ||
| 650 |
_aYear Book _911210 |
||
| 700 |
_aHast, Adele, ed. _913110 |
||
| 942 | _cBK | ||
| 999 |
_c7760 _d7760 |
||